La residència d'estudiants de Catalunya / Montse Lavado Fau, editora
ISBN:
84-475-2768-9
Descripción Física:
141 p. : il. (algunes col.) ; 23 cm
Otros Autores:
Lavado Fau, Montserrat
MARC
| LEADER | 00000nam a2200000Ia 4500 | ||
|---|---|---|---|
| 001 | 16728 | ||
| 008 | 160829s9999 xx 000 0 cat d | ||
| 020 | |a 84-475-2768-9 | ||
| 080 | |a E-1-234 | ||
| 245 | |a La residència d'estudiants de Catalunya / Montse Lavado Fau, editora | ||
| 260 | |a Barcelona : |b Publicacions Universitat de Barcelona, cop. 2003 | ||
| 300 | |a 141 p. : |b il. (algunes col.) ; |c 23 cm | ||
| 590 | |a Catàleg de l'exposició celebrada al Col·legi Major Ramon Llull de la Universitat de Barcelona els mesos de novembre i desembre de 2000 | ||
| 650 | |a Residència Universitària Ramon Llull |x Història |x Exposicions |9 26489 | ||
| 650 | |a Col·legis majors universitaris |x Catalunya |x Història |x Exposicions |9 26490 | ||
| 700 | 1 | |a Lavado Fau, Montserrat |e editor literari |9 40079 | |
| 710 | 1 | |9 54739 |a Residència Universitària Ramon Llull (Barcelona, Catalunya) | |
| 901 | |a Arxiu | ||
| 942 | |n 1 |2 udc | ||
| 952 | |0 0 |1 0 |4 0 |6 E1234 |7 1 |9 43999 |a Arxiu |b Arxiu |d 2016-12-01 |l 0 |o E-1-234 |p 16728 |r 2016-12-01 00:00:00 |w 2016-12-01 |y ARXIU | ||
| 999 | |c 46579 |d 46579 | ||